Práca a mzdy v podmienkach intenzifikácie
Na minha lista:
| Autor principal: | |
|---|---|
| Formato: | Livro |
| Idioma: | eslovaco |
| Publicado em: |
Bratislava
Alfa
1984
|
| Colecção: | Edícia ekonomickej literatúry
|
| Tags: |
Sem tags, seja o primeiro a adicionar uma tag!
|
MARC
| LEADER | 00000nam a2200000 4500 | ||
|---|---|---|---|
| 001 | c107988 | ||
| 005 | 20041019155140.3 | ||
| 041 | 0 | |a slo | |
| 044 | |a SK | ||
| 245 | 1 | 0 | |a Práca a mzdy v podmienkach intenzifikácie |c Michal Derco |
| 264 | 1 | |a Bratislava |b Alfa |c 1984 | |
| 300 | |a 233 s. | ||
| 490 | 1 | |a Edícia ekonomickej literatúry | |
| 830 | 0 | |a Edícia ekonomickej literatúry | |
| 100 | 1 | |a Derco, Michal | |